000 00565nam a2200181 i 4500
001 91291
003 ES-MaACL
005 20230906180703.0
007 t|
008 050128s1929 fr ||||1| fre d
100 1 _aLeuenberger, Fritz.
_971898
245 1 4 _aLes abeilles
_b: anatomie et physiologie /
_cFritz Leuenberger ; traduit de l'allemand par George F. Jaubert.
260 _aParis :
_b[P. Mersch L. Seitz et C.],
_c1929.
300 _a194 p. ;
_c23 cm.
650 0 4 _aApicultura.
_99918
700 1 _aJaubert, George F.
_966165
852 _aES-MaACL
_jA-3531
999 _c91291
_d91291